Heating boiler operator's manual : maintenance, operation, and repair (Record no. 203146)

MARC details
000 -LEADER
fixed length control field 00676nam a2200217Ia 4500
008 - FIXED-LENGTH DATA ELEMENTS--GENERAL INFORMATION
fixed length control field 191130s2007##################000#0#eng##
020 ## - INTERNATIONAL STANDARD BOOK NUMBER
ISBN 71475222
082 ## - DEWEY DECIMAL CLASSIFICATION NUMBER
Classification number 577.727 MAL
100 ## - MAIN ENTRY--AUTHOR NAME
Personal name Malek, Mohammad A
245 ## - TITLE STATEMENT
Title Heating boiler operator's manual : maintenance, operation, and repair
Statement of responsibility, etc Mohammad A. Malek
250 ## - EDITION STATEMENT
Edition statement 1st ed
260 ## - PUBLICATION, DISTRIBUTION, ETC. (IMPRINT)
Place of publication New York
Name of publisher McGraw-Hill
Year of publication 2007
300 ## - PHYSICAL DESCRIPTION
Number of Pages xv, 392 p. : ill. ; 24 cm
500 ## - GENERAL NOTE
General note Includes bibliographical references and index
650 ## - SUBJECT ADDED ENTRY--TOPICAL TERM
Topical Term Steam-boilers - Handbooks, manuals, etc
991 ## -
-- 245293
Holdings
Withdrawn status Lost status Damaged status Not for loan Home library Current library Shelving location Date acquired Full call number Accession Number Price effective from Koha item type
        Anna Centenary Library Anna Centenary Library 5TH FLOOR, A WING 13.10.2020 577.727 MAL 257231 13.10.2020 English Books

Find us on the map